Scotland rural development programme 2007-2013 (Record no. 120715)
[ view plain ]
| 000 -LEADER | |
|---|---|
| fixed length control field | 01152cai a22001935a 4500 |
| 001 - CONTROL NUMBER | |
| control field | E145674 |
| 008 - FIXED-LENGTH DATA ELEMENTS--GENERAL INFORMATION | |
| fixed length control field | 081030u xxk g s000 0 eng d |
| 035 ## - SYSTEM CONTROL NUMBER | |
| System control number | (Sirsi) u145674 |
| 041 0# - LANGUAGE CODE | |
| Language code of text/sound track or separate title | eng |
| 110 2# - MAIN ENTRY--CORPORATE NAME | |
| Corporate name or jurisdiction name as entry element | Scotland |
| Subordinate unit | Scottish Government |
| 9 (RLIN) | 5344 |
| 245 00 - TITLE STATEMENT | |
| Title | Scotland rural development programme 2007-2013 |
| Medium | [electronic resource] |
| 520 ## - SUMMARY, ETC. | |
| Summary, etc. | Section of the Scottish Government website devoted to the Scotland Rural Development Programme (SRDP) 2007-2013. The SRDP is a £1.6 billion programme of economic, environmental and social measures aimed at developing rural areas in Scotland over a six-year period. Funding can be sought by individuals and groups to help achieve the Government's strategic objectives in Scotland's rural areas. The website includes background information, information on Rural Priorities and an archive of SRDP news. |
| 590 ## - LOCAL NOTE (RLIN) | |
| Local note | KA |
| 650 24 - SUBJECT ADDED ENTRY--TOPICAL TERM | |
| Topical term or geographic name entry element | SCOTLAND RURAL DEVELOPMENT PROGRAMME |
| 651 #4 - SUBJECT ADDED ENTRY--GEOGRAPHIC NAME | |
| Geographic name | Scotland |
| Chronological subdivision | 1999- |
| 690 ## - LOCAL SUBJECT ADDED ENTRY--TOPICAL TERM (OCLC, RLIN) | |
| Topical term or geographic name as entry element | ENVIRONMENTAL AND LAND CONSULTANCY-AGRIBUSINESS-AGRICULTURE |
| 856 40 - ELECTRONIC LOCATION AND ACCESS | |
| Uniform Resource Identifier | <a href="https://www.scotland.gov.uk/Topics/Rural/SRDP">https://www.scotland.gov.uk/Topics/Rural/SRDP</a> |
| Public note | View the website free of charge at www.scotland.gov.uk... |
| 942 ## - ADDED ENTRY ELEMENTS (KOHA) | |
| Suppress in OPAC | 0 |
| Withdrawn status | Lost status | Source of classification or shelving scheme | Damaged status | Not for loan | Home library | Current library | Shelving location | Date acquired | Total Checkouts | Full call number | Barcode | Date last seen | Copy number | Price effective from | Koha item type |
|---|---|---|---|---|---|---|---|---|---|---|---|---|---|---|---|
| Dewey Decimal Classification | Virtual | Virtual | Online | 30/10/2008 | WEBSITE | 145674-2001 | 06/08/2019 | 1 | 06/08/2019 | Online material |